Los Angeles Clippers: All-Star Selections - Statistics

General Stats
  • This quiz has been taken 339 times
    74 since last reset
  • The average score is 8 of 15
Answer Stats
Amount of Selections Player % Correct
5 Blake Griffin
99%
5 Chris Paul
99%
1 DeAndre Jordan
90%
4 Kawhi Leonard
88%
3 Paul George
82%
1 James Harden
75%
3 Bob McAdoo
69%
2 Elton Brand
54%
2 Randy Smith
36%
1 Chris Kaman
33%
2 Danny Manning
27%
1 Marques Johnson
19%
1 World B. Free
16%
1 Norm Nixon
7%
3 Bob Kauffman
0%
No matching quizzes found
Score Distribution
Percent of People with Each Score
Percentile by Number Answered
Your Score History
You have not taken this quiz since the last reset